[Event "Brasilia Terraviva op"]
[Site "Brasilia"]
[Date "2019.01.12"]
[Round "4"]
[White "Zandonai Ignacio, Antonio Carlos"]
[Black "Cubas, Jose Fernando"]
[Result "0-1"]
[WhiteElo "2049"]
[BlackElo "2506"]
[PlyCount "68"]
[EventDate "2019.01.10"]
[EventType "swiss"]
[EventRounds "7"]
[EventCountry "BRA"]
[SourceTitle "CBM 188 Extra"]
[Source "ChessBase"]
[SourceDate "2019.02.28"]
[SourceVersion "1"]
[SourceVersionDate "2019.02.28"]
[SourceQuality "1"]

1. Nf3 c5 2. g3 d5 3. Bg2 Nc6 4. 0-0 Nf6 5. d3 g6 6. c3 Bg7 7. Nbd2 0-0 8. a4 b6 9. Re1 Qc7 10. e4 Ba6 11. e5 Ng4 12. e6 fxe6 13. Bh3 Nge5 14. Bxe6+ Kh8 15. Bxd5 Nxd3 16. Re6 Nd8 17. Re3 Re8 18. Ne4 e6 19. Bb3 c4 20. Bc2 e5 21. Ne1 Nxc1 22. Rxc1 Ne6 23. Qg4 Qe7 24. Rd1 Rad8 25. Rxd8 Rxd8 26. Nf3 Bc8 27. Qh4 Qxh4 28. Nxh4 Nd4 29. cxd4 exd4 30. Re1 d3 31. Bd1 Bxb2 32. Ng5 c3 33. Nf7+ Kg7 34. Nxd8 c2 0-1

[Event "Brasilia Terraviva op"]
[Site "Brasilia"]
[Date "2019.01.11"]
[Round "3"]
[White "Guimaraes, Diogo Duarte"]
[Black "Zandonai Ignacio, Antonio Carlos"]
[Result "0-1"]
[WhiteElo "2278"]
[BlackElo "2049"]
[PlyCount "64"]
[EventDate "2019.01.10"]
[EventType "swiss"]
[EventRounds "7"]
[EventCountry "BRA"]
[SourceTitle "CBM 188 Extra"]
[Source "ChessBase"]
[SourceDate "2019.02.28"]
[SourceVersion "1"]
[SourceVersionDate "2019.02.28"]
[SourceQuality "1"]

1. e4 e6 2. d4 d5 3. Bd3 dxe4 4. Bxe4 Nf6 5. Bf3 c5 6. Ne2 cxd4 7. Nxd4 Bc5 8. Be3 0-0 9. 0-0 Qe7 10. Qe2 Rd8 11. Qc4 Nbd7 12. Na3 Ne5 13. Nf5 exf5 14. Bxc5 Nxf3+ 15. gxf3 Qd7 16. Rfe1 Re8 17. Rad1 Rxe1+ 18. Rxe1 Qd2 19. Re3 Be6 20. Qd4 Qc1+ 21. Kg2 Nd5 22. Bxa7 Nxe3+ 23. fxe3 Qe1 24. Qd3 h6 25. Bd4 Qh4 26. Qd2 f4 27. exf4 Rd8 28. Nb5 Qh3+ 29. Kg1 Qxf3 30. Qe3 Qd1+ 31. Kf2 Bc4 32. Na3 Rxd4 0-1

[Event "BRA-ch sf2"]
[Site "Brasilia"]
[Date "2018.07.20"]
[Round "5.2"]
[White "Moraes Silva, Carlos Alessandro"]
[Black "Zandonai Ignacio, Antonio Carlos"]
[Result "1/2-1/2"]
[WhiteElo "2009"]
[BlackElo "2020"]
[PlyCount "108"]
[EventDate "2018.07.20"]
[EventType "swiss"]
[EventRounds "5"]
[EventCountry "BRA"]
[SourceTitle "EXT 2022"]
[Source "ChessBase"]
[SourceDate "2021.10.06"]
[SourceVersion "1"]
[SourceVersionDate "2021.10.06"]
[SourceQuality "1"]

1. b3 e5 2. Bb2 Nc6 3. c4 Bc5 4. Nc3 Nf6 5. g3 0-0 6. Bg2 Re8 7. d3 d6 8. e3 Be6 9. Nge2 Qd7 10. 0-0 Bg4 11. Qd2 a5 12. a3 Ba7 13. Rfe1 Qf5 14. Rac1 Rad8 15. Nd5 Rd7 16. Nec3 Nxd5 17. Nxd5 Qg5 18. Kh1 Re6 19. f4 Qh5 20. d4 Bf3 21. dxe5 dxe5 22. Bxf3 Qxf3+ 23. Qg2 Qxg2+ 24. Kxg2 exf4 25. gxf4 Ne7 26. e4 f5 27. Rcd1 Rg6+ 28. Kh1 Nxd5 29. exd5 Rg4 30. Bc1 Bc5 31. Re5 Rf7 32. Re2 h5 33. Rf1 Rf6 34. a4 Rb6 35. Be3 Bxe3 36. Rxe3 Kf7 37. h3 Rgg6 38. Rfe1 Rgf6 39. Kg2 Kg6 40. h4 c6 41. d6 Rxd6 42. Kh3 c5 43. Rg3+ Kf6 44. Reg1 g5 45. fxg5+ Kg6 46. Rf3 Re6 47. Kg3 Re4 48. Rd1 f4+ 49. Kh3 Rbe6 50. Rd2 Re3 51. Rdf2 Kf5 52. Rf1 Ke4 53. Kg2 Rxf3 54. Rxf3 Rd6 1/2-1/2

[Event "Brasilia IRT U16/18"]
[Site "Brasilia"]
[Date "2018.03.02"]
[Round "1.1"]
[White "Zandonai Ignacio, Antonio Carlos"]
[Black "De Siqueira, Luigy Lira"]
[Result "1-0"]
[WhiteElo "2019"]
[BlackElo "1569"]
[PlyCount "49"]
[EventDate "2018.03.02"]
[EventType "swiss"]
[EventRounds "6"]
[EventCountry "BRA"]
[SourceTitle "EXT 2022"]
[Source "ChessBase"]
[SourceDate "2021.10.06"]
[SourceVersion "1"]
[SourceVersionDate "2021.10.06"]
[SourceQuality "1"]

1. e4 e5 2. Nf3 Nc6 3. Bb5 a6 4. Ba4 Nf6 5. 0-0 Be7 6. Re1 d6 7. c3 Bg4 8. h3 Bh5 9. d3 0-0 10. Nbd2 b5 11. Bc2 Re8 12. Nf1 Bf8 13. Ng3 Bg6 14. Bg5 h6 15. Bh4 Be7 16. a4 Qd7 17. d4 exd4 18. cxd4 Nh5 19. Bxe7 Qxe7 20. Nf5 Qf6 21. Qd2 Qd8 22. Qc3 Qd7 23. axb5 axb5 24. Rxa8 Rxa8 25. Qxc6 1-0

[Event "Florianopolis op 3rd"]
[Site "Florianopolis"]
[Date "2017.01.24"]
[Round "7"]
[White "Zandonai Ignacio, Antonio Carlos"]
[Black "Almeida, Gianluca Jorio"]
[Result "1/2-1/2"]
[WhiteElo "1758"]
[BlackElo "2040"]
[PlyCount "51"]
[EventDate "2017.01.20"]
[EventType "swiss"]
[EventRounds "10"]
[EventCountry "BRA"]
[SourceTitle "CBM 176 Extra"]
[Source "ChessBase"]
[SourceDate "2017.03.02"]
[SourceVersion "1"]
[SourceVersionDate "2017.03.02"]
[SourceQuality "1"]

1. e4 c5 2. Nf3 Nc6 3. d4 cxd4 4. Nxd4 g6 5. Nc3 Bg7 6. Be3 Nf6 7. Bc4 0-0 8. Bb3 a5 9. 0-0 a4 10. Nxa4 Nxe4 11. Nb5 d6 12. Qe2 Nf6 13. Nb6 Ra6 14. Nxc8 Qxc8 15. c3 Ng4 16. Bc1 Ra5 17. h3 Nge5 18. f4 Nd7 19. Kh1 Nc5 20. Bc2 Qe6 21. Qxe6 Nxe6 22. Na3 Rfa8 23. f5 Ned8 24. fxg6 hxg6 25. Bb3 Rh5 26. Nc4 1/2-1/2

[Event "Brasilia Terraviva op"]
[Site "Brasilia"]
[Date "2017.01.08"]
[Round "5"]
[White "Souza Neves, Andrey Marcelo"]
[Black "Zandonai Ignacio, Antonio Carlos"]
[Result "1-0"]
[WhiteElo "2239"]
[BlackElo "1758"]
[PlyCount "79"]
[EventDate "2017.01.06"]
[EventType "swiss"]
[EventRounds "6"]
[EventCountry "BRA"]
[SourceTitle "CBM 176 Extra"]
[Source "ChessBase"]
[SourceDate "2017.03.02"]
[SourceVersion "1"]
[SourceVersionDate "2017.03.02"]
[SourceQuality "1"]

1. d4 Nf6 2. c4 g6 3. Nf3 Bg7 4. g3 d6 5. Bg2 0-0 6. 0-0 Nbd7 7. b3 e5 8. dxe5 Ng4 9. Bb2 Ngxe5 10. Nxe5 Nxe5 11. Nc3 h5 12. h3 Rb8 13. Qd2 Re8 14. f4 Nd7 15. e4 a5 16. Nd5 c6 17. Bxg7 Kxg7 18. Nc3 Nc5 19. Rad1 Qb6 20. Kh2 Rd8 21. f5 f6 22. fxg6 Ne6 23. Nd5 cxd5 24. exd5 Nc5 25. Rxf6 Kxf6 26. Rf1+ Bf5 27. h4 Ke7 28. Rxf5 Rf8 29. Qe3+ Kd7 30. Bh3 Kc7 31. Qe7+ Nd7 32. Rxf8 Rxf8 33. Qxd7+ Kb8 34. g7 Rg8 35. Qf7 Rxg7 36. Qxg7 Qf2+ 37. Bg2 Qxa2 38. Qf8+ Ka7 39. Qxd6 Qxb3 40. Qc5+ 1-0

[Event "Brasilia Terraviva op"]
[Site "Brasilia"]
[Date "2017.01.06"]
[Round "1"]
[White "Barbosa, Evandro Amorim"]
[Black "Zandonai Ignacio, Antonio Carlos"]
[Result "1-0"]
[WhiteElo "2496"]
[BlackElo "1758"]
[PlyCount "42"]
[EventDate "2017.01.06"]
[EventType "swiss"]
[EventRounds "6"]
[EventCountry "BRA"]
[SourceTitle "CBM 176 Extra"]
[Source "ChessBase"]
[SourceDate "2017.03.02"]
[SourceVersion "1"]
[SourceVersionDate "2017.03.02"]
[SourceQuality "1"]

1. d4 Nf6 2. Nf3 g6 3. Bf4 Bg7 4. e3 0-0 5. h3 d6 6. c3 Nbd7 7. Be2 b6 8. 0-0 Bb7 9. a4 Ne4 10. Bh2 e5 11. a5 Rb8 12. Na3 Ng5 13. Nd2 f5 14. a6 Nxh3+ 15. gxh3 Qg5+ 16. Bg3 f4 17. exf4 exf4 18. h4 Qh6 19. axb7 fxg3 20. fxg3 Qe3+ 21. Kg2 Rxb7 1-0

[Event "South America-ch U14 13th"]
[Site "Santiago de Chile"]
[Date "2016.12.04"]
[Round "5"]
[White "Gomez Leon, Sebastian"]
[Black "Zandonai Ignacio, Antonio Carlos"]
[Result "0-1"]
[WhiteElo "1452"]
[BlackElo "1809"]
[PlyCount "38"]
[EventDate "2016.12.01"]
[EventType "swiss"]
[EventRounds "9"]
[EventCountry "CHI"]
[SourceTitle "EXT 2018"]
[Source "ChessBase"]
[SourceDate "2017.10.13"]
[SourceVersion "1"]
[SourceVersionDate "2017.10.13"]
[SourceQuality "1"]

1. d4 Nf6 2. Bf4 g6 3. Nf3 Bg7 4. h3 0-0 5. e3 d6 6. Bc4 b6 7. 0-0 Bb7 8. Nbd2 Nbd7 9. Re1 Ne4 10. Nxe4 Bxe4 11. Qd2 c5 12. Ng5 Bb7 13. Rad1 h6 14. Nf3 Kh7 15. c3 Nf6 16. d5 b5 17. Bxb5 Nxd5 18. Qd3 e6 19. e4 Nxf4 0-1

[Event "Brasilia Marista U2200"]
[Site "Brasilia"]
[Date "2016.08.27"]
[Round "3.3"]
[White "Valcarcel, Victor Ignacio Sant"]
[Black "Zandonai Ignacio, Antonio Carlos"]
[Result "1/2-1/2"]
[WhiteElo "1656"]
[BlackElo "1703"]
[PlyCount "69"]
[EventDate "2016.08.27"]
[EventType "swiss"]
[EventRounds "5"]
[EventCountry "BRA"]
[SourceTitle "EXT 2022"]
[Source "ChessBase"]
[SourceDate "2021.10.06"]
[SourceVersion "1"]
[SourceVersionDate "2021.10.06"]
[SourceQuality "1"]

1. g3 g6 2. Bg2 Bg7 3. e3 e5 4. Ne2 d6 5. c4 Nc6 6. 0-0 f5 7. Nbc3 Nf6 8. d4 0-0 9. b3 Ne7 10. Ba3 Nd7 11. Qc2 Nc6 12. Rad1 Re8 13. d5 Ne7 14. f4 h6 15. e4 Rf8 16. Rde1 Rf7 17. Bb2 a6 18. a4 Qf8 19. Rf2 Bf6 20. Bh3 Qg7 21. exf5 gxf5 22. Bxf5 Nxf5 23. Qxf5 exf4 24. Rxf4 Bxc3 25. Qxf7+ Qxf7 26. Rxf7 Bxe1 27. Rg7+ Kf8 28. Nf4 Ne5 29. Rxc7 Ba5 30. Rh7 Nf7 31. Ng6+ Ke8 32. Rg7 Rb8 33. Rg8+ Kd7 34. Rg7 Ke8 35. Rg8+ 1/2-1/2

[Event "BRA-ch Regional Centro Oeste"]
[Site "Brasilia"]
[Date "2016.08.13"]
[Round "3.2"]
[White "Zandonai Ignacio, Antonio Carlos"]
[Black "Lucena, Lincoln"]
[Result "0-1"]
[WhiteElo "1703"]
[BlackElo "2152"]
[PlyCount "60"]
[EventDate "2016.08.12"]
[EventType "swiss"]
[EventRounds "6"]
[EventCountry "BRA"]
[SourceTitle "EXT 2022"]
[Source "ChessBase"]
[SourceDate "2021.10.06"]
[SourceVersion "1"]
[SourceVersionDate "2021.10.06"]
[SourceQuality "1"]

1. e4 c5 2. Nf3 Nc6 3. d4 cxd4 4. Nxd4 Nf6 5. Nc3 e5 6. Ndb5 h6 7. Nd5 Nxd5 8. exd5 a6 9. dxc6 axb5 10. cxd7+ Bxd7 11. Qd5 Qc7 12. c3 Bc5 13. Be3 Bxe3 14. fxe3 0-0 15. Bxb5 Be6 16. Qf3 Qb6 17. Qe2 Bxa2 18. 0-0 Be6 19. Kh1 Rad8 20. b4 Bg4 21. Qxg4 Qxb5 22. Rfd1 Rd3 23. Ra5 Qc4 24. Qe2 Rxd1+ 25. Qxd1 Qxc3 26. e4 Rc8 27. h3 Qxb4 28. Rxe5 Qb2 29. Qd5 Qc1+ 30. Kh2 Qf4+ 0-1

[Event "BRA-ch Amateur"]
[Site "Brasilia"]
[Date "2016.06.18"]
[Round "4"]
[White "Japiassu, Ricardo de Villa No"]
[Black "Zandonai Ignacio, Antonio Carlos"]
[Result "0-1"]
[WhiteElo "1903"]
[BlackElo "1673"]
[PlyCount "108"]
[EventDate "2016.06.17"]
[EventType "swiss"]
[EventRounds "6"]
[EventCountry "BRA"]
[SourceTitle "CBM 173 Extra"]
[Source "ChessBase"]
[SourceDate "2016.08.29"]
[SourceVersion "1"]
[SourceVersionDate "2016.08.29"]
[SourceQuality "1"]

1. c4 g6 2. g3 Bg7 3. Bg2 e5 4. Nc3 d6 5. Nf3 Nc6 6. 0-0 f5 7. d3 Nf6 8. Rb1 0-0 9. b4 Rb8 10. b5 Ne7 11. a4 b6 12. a5 Bb7 13. axb6 axb6 14. Re1 h6 15. e3 g5 16. Bb2 g4 17. Nh4 Bxg2 18. Nxg2 Ng6 19. Qd2 Nh7 20. Rf1 Ng5 21. Ne1 f4 22. exf4 exf4 23. Nd5 Ne5 24. Kh1 fxg3 25. hxg3 Qe8 26. Bxe5 Qh5+ 27. Kg1 Bxe5 28. d4 Bf6 29. Nf4 Qf7 30. Qd3 Kg7 31. Nc2 Nf3+ 32. Kg2 Bg5 33. Ne2 Nd2 34. Ne3 Qf3+ 35. Kg1 Bxe3 36. Qxe3 Qxe3 37. fxe3 Nxb1 38. Rxb1 Rf3 39. Nf4 Rxe3 40. Kf2 Rbe8 41. Ra1 Rf3+ 42. Kg2 Ree3 43. Ra7 Rxg3+ 44. Kh2 Rgf3 45. Rxc7+ Kg8 46. Nd5 Re2+ 47. Kg1 Rd3 48. Kf1 Ra2 49. Re7 Rxd4 50. Nxb6 Rd1+ 51. Re1 Rd4 52. Rb1 g3 53. Nd5 g2+ 54. Kg1 Rh4 0-1